000 00396nam a22001697a 4500
003 OSt
008 241007b |||||||| |||| 00| 0 eng d
020 _a9789386822598
041 _amal
082 _a894.8123
_bMAD/VA
100 _aMadhavikutty
_9242
245 _aVakkeelammavan /
260 _aKannur :
_bKairali Books,
_c2024 (2006)
300 _a184p
700 _aNovel
_96319
942 _cBK
999 _c18138
_d18138